|
|
แสดงรายละเอียดบรรณานุกรม |
|
|
Brief Record
: Get Marc (ISO 2709)
: E-mail record
: |
|
|
| LEADER 00000nama 2200000uu 4500 | |||
| 001 184446 | |||
| 003 ULIBM | |||
| 008 040531s2542 th m m a000 0 tha d | |||
| 020 974-662-216-1 | |||
| 041 tha | |||
| 050 WY154 ก344 2542 | |||
| 100 คณะกรรมการพัฒนาพยาบาลหน่วยบำบัดวิกฤต ภาควิชาพยาบาลศาสตร์ มหาวิทยาลัยมหิดล | |||
| 245 การพยาบาลผู้ป่วยวิกฤต 001 | |||
| 246 ผู้ป่วยหนัก | |||
| 260 กรุงเทพฯ นิติบรรณการ 2542 | |||
| 300 459 หน้า | |||
| 650 ผู้ป่วยวิกฤต | |||
| 998 2001-01-22 | |||
| คุณยังไม่ได้ล็อกอิน คุณสามารถมีกิจกรรมร่วมกับเว็บไซต์ได้ แต่ต้องล็อกอินก่อน :: |
|
| สถานะ | |||||||||
| 1. | หนังสือทั่วไป | WY154 ก344 2542 | On Shelf ขอยืม | ||||||
| 2. | หนังสือทั่วไป | WY154 ก344 2542 | On Shelf ขอยืม | ||||||
| [แสดง 2/2 รายการ] | |||||||||
BibComment |
| คอมเมนท์ทรัพยากรรายการนี้ |
|
|